000 00303nam a22001337a 4500
008 190206b xxu||||| |||| 00| 0 eng d
020 _a9780534129248
041 _aeng
080 _a510
100 _a36
101 _aMAT
245 _aMathematics A Practical Odyssey
_cJohnson,D.B
942 _2udc
_cBK
999 _c54092
_d54092